Filmy z Louis de Funesem po emotkach - Statystyki

Ogólne statystyki
  • Ten quiz został rozwiązany 9 razy
  • Średni wynik to 6 z 11
Statystyki odpowiedzi
Hint Odpowiedź % Poprawnych
👮‍♂️👽 Żandarm i kosmici
89%
👮‍♂️👩‍❤️‍👨 Żandarm się żeni
78%
👮‍♂️🏖️🏘️ Żandarm z Saint-Tropez
78%
👽🛸🥬 Kapuśniaczek
67%
👮‍♂️👮‍♀️👮‍♀️ Żandarm i policjantki
67%
👮‍♂️🆕🏙️ Żandarm w Nowym Jorku
67%
🪖🛩️ Wielka włóczęga
44%
🎭👽👮‍♂️ Fantomas
33%
🥶🥸 Hibernatus
33%
✡️🕍 Przygody Rabina Jakuba
33%
🪙🫰🧰 Skąpiec
33%
Nie znaleziono quizów pasujących do podanych kryteriów
Rozkład punktacji
Procent ludzi z każdym wynikiem
Percentyl według liczby udzielonych odpowiedzi
Twoja historia wyników
Nie rozwiązałeś tego quizu